000 00967nam a22002657a 4500
005 2009080405165.0
008 090728t xxu||||| |||| 00| 0 pun d
010 _aPUN-7391
020 _c120.00
035 _aPN-6509
037 _bDBAD / PUB/Tarlochan Pub
040 _adpl
_bPN
082 _a851
100 _937323
_aਸ਼ੇਰ ਸਿੰਘ ਕੰਵਲ
245 _aਕੇਸਗੜ੍ਹ ਦੇ ਕਿੰਗਰੇ /
_cਸ਼ੇਰ ਸਿੰਘ ਕੰਵਲ
246 _aKesgarh de kingre
_b by Sher Singh Kanwal
260 _aChandigarh
_bTarlochan Pub
_c2011
270 _a3236, Sector-15 D,
_bChandi Garh
_k0172-4613236
300 _a84ਪਂ;
_b25ਸੇਂਮੀ(ਸਜਿਲਦ)
650 _937324
650 _937325
700 _952947
942 _2ddc
_cPN
_h851
_mਸ਼ੇਰਸਿੰ
999 _c70823
_d70823